000 003850000a22001450004500
003 LK-CoMWRAF
008 230817t ||||| |||| 00| 0 eng d
040 _aLK-CoMWRAF
_dLK-CoMWRAF
_eLK-CoMWRAF
041 _aeng
245 _aModern Classic Impression
_b
260 _bFashion & Arts Communications
_aDelhi 06 (India)
_c
300 _ap.40
650 _aTraining Materials
942 _cBK
999 _c2215
_d2215